00741nam a2200205 4500001000700000003000900007005001700016007000300033008004100036100004400077245009700121260003400218300002200252490002200274700003200296830003000328852003200358999001900390952012600409131474ES-MaACL20230906194004.0t|070214s1958 sp r ||||1| spa d1 aRodríguez Aguilera, Cesáreo.99832010aFormularios de arrendamientos urbanos / cCesáreo Rodríguez Aguilera, José Pere Raluy. aBarcelona : bA.H.R., c1958. a405 p. ; c22 cm.1 aJurídica A.H.R.1 aPere Raluy, José.91868670 aJurídica A.H.R.9219577 aES-MaACLjC-17206 bR.45222 c131474d131474 00104070aATENEOMbATENEOMcGaleríad2008-01-17eSCl0oC-17206p1136873r2023-02-23 00:00:00w2023-02-23yMONOGRAFIA